000 00310nam a22001217a 4500
008 180822b xxu||||| |||| 00| 0 eng d
041 _aeng
080 _a616.8
100 _a7
101 _aNEU
245 _aRADIATION THERAPY OF TUMORS AND DISEASE OF THE NERVOUS SYSTEM
_cBOUCHRD.J
942 _2udc
_cBK
999 _c47251
_d47251